Geometry II : spaces of Constant Curvature

Αποθηκεύτηκε σε:
Λεπτομέρειες βιβλιογραφικής εγγραφής
Άλλοι συγγραφείς: Vinberg, E. B. (Ernest Borisovich) (Επιμελητής έκδοσης)
Μορφή: Βιβλίο
Γλώσσα:English
Δημοσίευση: Berlin : Springer-Verlag, c1993.
Σειρά:Encyclopaedia of mathematical sciences ; 29
Θέματα:
Ετικέτες: Προσθήκη ετικέτας
Δεν υπάρχουν, Καταχωρήστε ετικέτα πρώτοι!

MARC

LEADER 00000cam a2200000 i 4500
001 1/35780
008 960902s1993####gw | ||| |||| ||eng||
020 |a 3540520007 
035 |a 1995  |l 10040067 
040 |a GR-MyUA  |b gre  |e AACR2 
041 0 |a eng 
082 0 |a 516.363  
245 1 0 |a Geometry II :   |b spaces of Constant Curvature /   |c E.B. Vinberg (Ed.).  
246 3 3 |a Geometry 2 
246 3 3 |a Geometry two 
260 |a Berlin :   |b Springer-Verlag,   |c c1993.  
300 |a 254 σ. ;   |c 24 εκ.  
490 1 |a (Encyclopaedia of mathematical sciences   |v ; 29)  
504 |a Περιέχει βιβλιογραφικές αναφορές και ευρετήριο.  
650 0 0 |a Spaces of constant curvature. 
700 1 |a Vinberg, E. B.   |q (Ernest Borisovich)  |e edt 
740 0 2 |a Spaces of Constant Curvature 
830 0 |a Encyclopaedia of mathematical sciences ;  |v  29 
852 |a INST  |b SAMOS  |e 19960902  |h 516.363 GEO  |p 005300005223  |q 005300005223  |t BK  |y 0 
909 |a Σ  |b 039337